| 000 | 00446nam a2200145Ia 4500 | ||
|---|---|---|---|
| 008 | 210210b1992 xxu||||| |||| 00| 0 eng d | ||
| 082 | _a510 RANT | ||
| 100 | _aRANGANATH (G K) & SAMPANGIRAM (C S). | ||
| 245 | _aText book of B Sc matematics. P v. for final B Sc, Bangalore University. | ||
| 260 |
_aND _bS. Chand & Co. Ltd. _c1992 |
||
| 300 | _a182 | ||
| 650 | _aFinal B Sc maths: Bangalore University | ||
| 690 | _aMathematics | ||
| 906 | _a046466 | ||
| 999 |
_c95742 _d95742 |
||